| 000 | 00496cam a2200181ua 4500 | ||
|---|---|---|---|
| 020 | _a0 85334 896 0 | ||
| 041 |
_aeng _h |
||
| 082 |
_a664.02 _bLIN/FO |
||
| 100 | _aLinko, p . | ||
| 245 |
_aFood process engineering vol-1 food processing systems / _cP Linko. _hTextual Documents |
||
| 260 |
_aLondon : _bApplied Science Publishers Ltd , _c1980. |
||
| 300 |
_a967 : _b506 ; . |
||
| 504 | _a | ||
| 700 | 1 | _aMalkki, Y . | |
| 700 | 1 | _aOlkku, J . | |
| 942 | _cBK | ||
| 999 |
_c10527 _d10527 |
||